Police cars of Europe - Statistics

General Stats
  • This quiz has been taken 176 times
  • The average score is 8 of 16
Answer Stats
Picture Answer % Correct
Germany
91%
United Kingdom
85%
Spain
78%
Italy
72%
France
70%
Russia
68%
Austria
66%
Romania
47%
Ukraine
47%
Serbia
41%
Czechia
39%
Finland
38%
Iceland
37%
Monaco
30%
Greece
20%
Latvia
16%
No matching quizzes found
Score Distribution
Percent of People with Each Score
Percentile by Number Answered
Your Score History
You have not taken this quiz